Capital and rental valuation of fuel stations (Record no. 114805)

MARC details
000 -LEADER
fixed length control field 01184cad a22002535a 4500
001 - CONTROL NUMBER
control field L157504
008 - FIXED-LENGTH DATA ELEMENTS--GENERAL INFORMATION
fixed length control field 130104s2012 xxk f 000 0 eng d
020 ## - INTERNATIONAL STANDARD BOOK NUMBER
International Standard Book Number 9781842198438
035 ## - SYSTEM CONTROL NUMBER
System control number (Sirsi) u157504
041 0# - LANGUAGE CODE
Language code of text/sound track or separate title eng
110 2# - MAIN ENTRY--CORPORATE NAME
Corporate name or jurisdiction name as entry element Royal Institution of Chartered Surveyors
9 (RLIN) 4900
245 00 - TITLE STATEMENT
Title Capital and rental valuation of fuel stations
Remainder of title RICS Information Paper
Medium [electronic resource]
250 ## - EDITION STATEMENT
Edition statement 2nd ed.
260 ## - PUBLICATION, DISTRIBUTION, ETC.
Place of publication, distribution, etc. London
Name of publisher, distributor, etc. RICS
Date of publication, distribution, etc. 2012
490 #0 - SERIES STATEMENT
Series statement RICS Information Paper
Volume/sequential designation 34/2012
520 ## - SUMMARY, ETC.
Summary, etc. Deals with the application of "RICS Guidance Note 2: Valuation of individual trade related properties in RICS Valuation Professional Standards 2012" in relation to the valuation of fuel stations, including fuel stations allied to convenience stores (c-stores) or part of more complex properties.
590 ## - LOCAL NOTE (RLIN)
Local note KA
650 24 - SUBJECT ADDED ENTRY--TOPICAL TERM
Topical term or geographic name entry element RICS VALUATION STANDARDS
651 #4 - SUBJECT ADDED ENTRY--GEOGRAPHIC NAME
Geographic name United Kingdom
Chronological subdivision
690 ## - LOCAL SUBJECT ADDED ENTRY--TOPICAL TERM (OCLC, RLIN)
Topical term or geographic name as entry element Valuation
9 (RLIN) 6273
690 ## - LOCAL SUBJECT ADDED ENTRY--TOPICAL TERM (OCLC, RLIN)
Topical term or geographic name as entry element Commercial property
9 (RLIN) 6227
856 40 - ELECTRONIC LOCATION AND ACCESS
Uniform Resource Identifier <a href="https://www.rics.org/Global/Capital_and_rental_valuation_of_fuel_stations_2nd_edition_PGguidance_2012.pdf">https://www.rics.org/Global/Capital_and_rental_valuation_of_fuel_stations_2nd_edition_PGguidance_2012.pdf</a>
Public note Members can view the item free of charge from the www.rics.org website.
942 ## - ADDED ENTRY ELEMENTS (KOHA)
Suppress in OPAC 0
Holdings
Withdrawn status Lost status Source of classification or shelving scheme Damaged status Not for loan Home library Current library Shelving location Date acquired Total Checkouts Full call number Barcode Date last seen Copy number Price effective from Koha item type
    Dewey Decimal Classification     Virtual Virtual Online 04/01/2013   ONLINE PUBLICATION 157504-2001 06/08/2019 1 06/08/2019 Book